Recreacion : (Record no. 21076)

MARC details
000 -CABECERA
campo de control de longitud fija 00877nam a2200241 4500
003 - IDENTIFICADOR DEL NÚMERO DE CONTROL
campo de control OSt
005 - FECHA Y HORA DE LA ÚLTIMA TRANSACCIÓN
campo de control 20260601193404.0
008 - DATOS DE LONGITUD FIJA--INFORMACIÓN GENERAL
campo de control de longitud fija 260420b1972 mx a|||| |||| 00| 0 spa d
040 ## - FUENTE DE LA CATALOGACIÓN
Centro catalogador/agencia de origen ICI
Lengua de catalogación spa
Centro/agencia transcriptor ICI
050 #1 - SIGNATURA TOPOGRÁFICA DE LA BIBLIOTECA DEL CONGRESO
Número de clasificación SB486.D46
Número de documento/Ítem A58
100 #1 - ENTRADA PRINCIPAL--NOMBRE DE PERSONA
Nombre de persona Álvarez Fuentes, Manuel,
9 (RLIN) 35344
245 #1 - MENCIÓN DE TÍTULO
Título Recreacion :
Resto del título diseño ambiental en parques y areas de juego /
Mención de responsabilidad, etc. Manuel Álvarez Fuentes
Medio 1972
264 ## - PRODUCCIÓN, PUBLICACIÓN, DISTRIBUCIÓN, FABRICACIÓN Y COPYRIGHT
Nombre del de productor, editor, distribuidor, fabricante M. Alvarez Fuentes,
Fecha de producción, publicación, distribución, fabricación o copyright 1973
Producción, publicación, distribución, fabricación y copyright [México] :
300 ## - DESCRIPCIÓN FÍSICA
Extensión 1 volumen (sin páginas)
Dimensiones 28.3 cm.
336 ## - TIPO DE CONTENIDO
Término de tipo de contenido texto
Fuente rdacontent
337 ## - TIPO DE MEDIO
Nombre/término del tipo de medio sin medio
Fuente rdamedia
338 ## - TIPO DE SOPORTE
Nombre/término del tipo de soporte volumen
Fuente rdacarrier
650 ## - PUNTO DE ACCESO ADICIONAL DE MATERIA--TÉRMINO DE MATERIA
Término de materia o nombre geográfico como elemento de entrada Parques
Subdivisión general Diseño y construccion
9 (RLIN) 35345
650 ## - PUNTO DE ACCESO ADICIONAL DE MATERIA--TÉRMINO DE MATERIA
Término de materia o nombre geográfico como elemento de entrada Parques
Subdivisión general Diseño y construcción
Subdivisión geográfica México
9 (RLIN) 35346
650 ## - PUNTO DE ACCESO ADICIONAL DE MATERIA--TÉRMINO DE MATERIA
Término de materia o nombre geográfico como elemento de entrada Áreas de recreación
Subdivisión general Diseño y construcción
9 (RLIN) 35347
650 ## - PUNTO DE ACCESO ADICIONAL DE MATERIA--TÉRMINO DE MATERIA
Término de materia o nombre geográfico como elemento de entrada Áreas de recreación
Subdivisión general Diseño y construcción
Subdivisión geográfica México
9 (RLIN) 35348
942 ## - ELEMENTOS DE PUNTO DE ACCESO ADICIONAL (KOHA)
Fuente del sistema de clasificación o colocación Library of Congress Classification
Tipo de ítem Koha Libros
Holdings
Estado de retiro Estado de pérdida Fuente del sistema de clasificación o colocación Estado dañado No para préstamo Localización permanente Ubicación/localización actual Fecha de adquisición Total de préstamos Signatura topográfica completa Código de barras Fecha visto por última vez Número de copia Precio válido a partir de Tipo de ítem Koha
El ejemplar forma parte de la colección y puede ser consultado según las políticas vigentes.   Library of Congress Classification     Biblioteca de Diseño Museo Franz Mayer Biblioteca de Diseño Museo Franz Mayer 20/04/2026   SB486.D46 A58 BDIMFM000788 20/04/2026 Ej. 2 20/04/2026 Libros
El ejemplar forma parte de la colección y puede ser consultado según las políticas vigentes.   Library of Congress Classification     Biblioteca de Diseño Museo Franz Mayer Biblioteca de Diseño Museo Franz Mayer 20/04/2026   SB486.D46 A58 BDIMFM000590 20/04/2026 Ej.1 20/04/2026 Libros